Soil survey laboratory information manual :

Contents: Introduction; samplling methodology; soil survey laboratory data reports; primary characterization data sheet; supplementary characterization data sheet.

Saved in:
Bibliographic Details
Corporate Authors: United States Department of Agriculture, Natural Resources Conservation Service
Format: Book
Language:Undetermined
Published: Lincoln National Soil Survey Center 1995
Subjects:
Tags: Add Tag
No Tags, Be the first to tag this record!
Institutions: Trung tâm Học liệu Trường Đại học Cần Thơ
LEADER 00839nam a2200205Ia 4500
001 CTU_138564
008 210402s9999 xx 000 0 und d
082 |a 631.4 
082 |b U58 
110 |a United States Department of Agriculture 
110 |b Natural Resources Conservation Service 
245 0 |a Soil survey laboratory information manual : 
245 0 |c United States Department of Agriculture. Natural Resources Conservation Service 
260 |a Lincoln 
260 |b National Soil Survey Center 
260 |c 1995 
520 |a Contents: Introduction; samplling methodology; soil survey laboratory data reports; primary characterization data sheet; supplementary characterization data sheet. 
650 |a Soil surveys,Thổ nhưỡng 
904 |i Tuyến 
980 |a Trung tâm Học liệu Trường Đại học Cần Thơ